[Event "Dortmund op-A"]
[Site "Dortmund"]
[Date "1992.??.??"]
[Round "6"]
[White "Stohl, Igor"]
[Black "Sakaev, Konstantin"]
[Result "1-0"]
[WhiteElo "2560"]
[BlackElo "2500"]
[Annotator "Stohl,I"]
[PlyCount "69"]
[EventDate "1992.04.??"]
[EventType "swiss"]
[EventRounds "11"]
[EventCountry "GER"]
[SourceTitle "CBM 029"]
[Source "ChessBase"]
[SourceDate "1992.08.01"]
[SourceVersion "1"]
[SourceVersionDate "1992.08.01"]
[SourceQuality "1"]

1. d4 {Ernst} d5 2. Nf3 Nf6 3. c4 c6 4. Nc3 e6 5. e3 Nbd7 6. Bd3 dxc4 7. Bxc4
b5 8. Bd3 Bb7 9. e4 b4 10. Na4 c5 11. e5 Nd5 12. O-O cxd4 13. Re1 (13. Nxd4
Nxe5 14. Bb5+ Nd7 15. Nc6 Qc7 16. Qxd5 Bd6 17. Re1 {Christiansen,L-Bareev,E,
Biel 1991-CBM 25} Kf8 $1 $17 {Bareev}) 13... g6 (13... a6 14. Nxd4 g6 15. Qg4
$5 $36 {><e6}) 14. Bd2 $5 (14. Bg5 {Ernst} Qa5 15. Nd2 Ba6 16. Nc4 Bxc4 17.
Bxc4 Bg7 18. Qxd4 Qxa4 19. Bxd5 exd5 20. Qxd5 Nb6 21. Qd6 Qd7 22. Qxb4 $10 {
Raskovsky - Svesnikov, Sochi 1979. 22.-Lf8= Svesnikov.}) 14... Bg7 (14... Be7
$6 15. Bh6 Bf8 16. Bd2 Be7 17. Nxd4 O-O 18. Bh6 Re8 19. Qg4 Bf8 20. Bxf8 Rxf8
21. h4 $36 {׻,Alterman,B-Spasov,L,Munich op 1991/92}) (14... a6 $5 $13) 15.
Bb5 a6 $1 {N} (15... Rc8 16. Bg5 Qa5 17. Nxd4 a6 $1 (17... Rc7 {Alterman,
B-Pinter,J,Beersheva 1991-CBM 25} 18. a3 $1 O-O 19. Bd2 $36 {Alterman}) 18.
Bxd7+ Kxd7 19. Nb3 Qb5 20. Nd4 $10) 16. Nc5 $6 (16. Bg5 $6 axb5 17. Bxd8 Rxd8
$15) (16. Bxd7+ Qxd7 17. Nc5 Qc6 18. Nxb7 Qxb7 19. Nxd4 $10) 16... axb5 $8 (
16... Bc8 17. Bc6 $16 (17. Bc6 {Ernst} Rb8 18. Nxd7 Bxd7 19. Bxd5 exd5 20. Bg5
Qb6 $10)) 17. Nxb7 Qb6 (17... Qb8 18. Nd6+ Kf8 19. Ng5 Nxe5 20. Rxe5 Bxe5 21.
Ndxf7 Rg8 22. Nh6 $40) 18. Nd6+ Ke7 $1 $8 (18... Kf8 $2 19. Ng5 Nxe5 20. Rxe5
Bxe5 (20... Qxd6 21. Qf3 $1 Bf6 22. Rxd5 $1 exd5 23. Bxb4 $1 $18) 21. Ndxf7 $16
{׻,->}) 19. Ng5 (19. Rc1 h6 $1 $17 {/\} (19... Nxe5 20. Nxe5 Qxd6 21. Rc6 Qxe5
$1 (21... Qd8 $2 22. Rxe6+ $16) 22. Rxe5 Bxe5 $13) 20. Nxd4 Bxe5) (19. Bg5+ Kf8
20. Nxd4 Bxe5 21. Bh6+ (21. N6xb5 Kg7 $36) 21... Ke7 22. N6xb5 Rhc8 $15 {[+]})
19... Rhf8 $1 $8 (19... Nxe5 20. Ndxf7 Nxf7 21. Rxe6+ Qxe6 22. Nxe6 Kxe6 23.
Qb3 $5 $146 {עe6,P}) (19... Raf8 20. Ngxf7 $1 Rxf7 21. Bg5+ Kf8 (21... Bf6 22.
Nxf7 $16) 22. Rc1 $1 Bxe5 (22... Nc5 23. Qxd4 Qxd6 24. Rxc5 Qd7 25. Rec1 $146 {
/\} Rf5 26. Rc8+ Kf7 27. R8c7 Qxc7 28. Rxc7+ Nxc7 29. Qd7+ Kg8 30. Qxc7 $16) (
22... Nc7 23. Bd8 $18) 23. Rc8+ Kg7 24. Bh6+ $3 Kxh6 25. Nxf7+ Kg7 26. Nxh8 $18
) 20. Nxh7 $8 (20. Nxe6 $2 fxe6 21. Bg5+ Bf6 $1 22. exf6+ Kxd6 23. Qg4 Rae8 $19
) (20. f4 h6 21. Nge4 Rfb8 $17 {/\Kf8-g8}) 20... Bxe5 $2 (20... Nxe5 $1 21. Ne4
(21. Nxf8 $2 Qxd6 22. Nh7 Rh8 23. Ng5 Nd3 $17) 21... f5 $1 (21... Rfc8 22. Bg5+
Kd7 (22... f6 23. Nexf6 $1 $16) 23. Nef6+ Nxf6 24. Nxf6+ Bxf6 25. Bxf6 Nc6 26.
Qg4 $146 {עd7,><d4}) (21... Rh8 22. Bg5+ f6 23. Nexf6 Nxf6 24. Nxf6 Bxf6 25.
Rxe5 $36 {ק,K}) 22. Nxf8 (22. Neg5 Rfd8 23. f4 Ne3 $17) 22... fxe4 23. Nxg6+
Nxg6 24. Qg4 Kf7 $15) 21. Nxf8 Kxf8 $6 (21... Bxh2+ 22. Kxh2 Qxd6+ 23. Kg1 Rxf8
24. Qg4 $36) 22. Ne4 Bg7 (22... Kg7 $142 $5 $16) 23. Qb3 Ra4 24. Rac1 $40 Qb8 (
24... Qa6 25. Nc5 Nxc5 26. Rxc5 {/\} Rxa2 27. Bxb4 $16) 25. Nc5 Nxc5 26. Rxc5
$18 {/\Rec1,Rc8,Qh3->+-} Be5 27. Rec1 $1 (27. Rxd5 exd5 28. Qxd5 Bf6 $1 $8 29.
Bxb4+ Kg7 $16) 27... Bxh2+ (27... Qd6 28. Rc8+ Ke7 (28... Kg7 29. Qh3 $18) 29.
Bg5+ $18) 28. Kh1 Qe5 29. Qh3 $1 (29. g3 Qe2 30. Bh6+ Kg8 31. Kxh2 (31. R5c2 $2
Qh5 $13) 31... Qxf2+ 32. Kh1 Ne3 $132) 29... Bf4 $8 30. Rxd5 $1 exd5 (30...
Qxd5 31. Bxf4 $18 {->Rc8,Qh8}) 31. Bxf4 Qxf4 32. Qh8+ Ke7 33. Re1+ Kd7 34. Qe8+
Kc7 35. Re7+ {[Stohl]} (35. Re7+ Kb6 36. Qd8+ Ka6 (36... Kc6 37. Qc8+ Kb6 38.
Rb7+ $18) 37. Qa8+ Kb6 38. Rb7+ Kc5 39. Qc8+ Kd6 40. Qc7+ $18) 1-0

[Event "Bayern-chI Bank Hofmann 6th"]
[Site "Bad Wiessee"]
[Date "2002.11.02"]
[Round "8"]
[White "Shabalov, Alexander"]
[Black "Sandipan, Chanda"]
[Result "1-0"]
[WhiteElo "2621"]
[BlackElo "2510"]
[Annotator "Teske,H"]
[PlyCount "95"]
[EventDate "2002.10.26"]
[EventType "swiss"]
[EventRounds "9"]
[EventCountry "GER"]
[SourceTitle "EXT 2003"]
[Source "ChessBase"]
[SourceDate "2002.11.25"]
[SourceVersion "1"]
[SourceVersionDate "2002.11.25"]
[SourceQuality "1"]

1. d4 {Administrator} d5 2. c4 e6 3. Nf3 Nf6 4. Nc3 c6 5. e3 Nbd7 6. Bd3 dxc4
7. Bxc4 b5 8. Bd3 Bd6 9. O-O O-O 10. e4 e5 11. Bg5 Bb7 12. Re1 a6 13. Bf1 Re8
14. a3 exd4 15. Nxd4 Qc7 16. g3 h6 {[#]} 17. Be3 $1 Nxe4 $6 18. Nf5 Ndf6 (18...
Bf8 $2 19. Bf4 $18) (18... Nxc3 19. Qxd6 Nd5 20. Qxc7 Nxc7 21. Nd6 Reb8 22.
Bxh6 gxh6 23. Re7 $16) 19. Nxe4 Nxe4 20. Qg4 $1 Ng5 21. h4 Re4 22. Bf4 $18 Rxf4
(22... Rxe1 23. Bxd6 $18) 23. gxf4 Ne6 24. Nxh6+ Kh8 25. Nf5 Bxf4 26. Bg2 g6
27. Ng3 Rg8 28. Rad1 Bh6 29. Qe4 Ba8 30. Qd3 Bg7 31. b4 Nf4 32. Qd7 Qxd7 33.
Rxd7 Nxg2 34. Kxg2 c5+ 35. f3 c4 36. Rxf7 c3 37. h5 gxh5 38. Rh1 Rd8 39. Rxh5+
Kg8 40. Rc7 Bf6 41. Rf5 Bh8 42. Nh5 Rd5 43. Rc8+ Kh7 44. Nf6+ Bxf6 45. Rxf6
Rd2+ 46. Kg3 c2 47. Rc7+ Kg8 48. Rb6 1-0

[Event "Lee Cup 4th"]
[Site "Beijing"]
[Date "1997.09.03"]
[Round "10"]
[White "Zhu, Chen"]
[Black "Zhang, Pengxiang"]
[Result "0-1"]
[WhiteElo "2515"]
[BlackElo "2360"]
[Annotator "Tsesarsky,I"]
[PlyCount "72"]
[EventDate "1997.08.23"]
[EventType "swiss"]
[EventRounds "11"]
[EventCountry "CHN"]
[SourceTitle "CBM 061"]
[Source "ChessBase"]
[SourceDate "1997.11.23"]
[SourceVersion "1"]
[SourceVersionDate "1997.11.23"]
[SourceQuality "1"]

1. d4 Nf6 2. Nf3 d5 3. c4 c6 4. e3 e6 5. Bd3 Nbd7 6. O-O Be7 7. Nc3 dxc4 8.
Bxc4 b5 9. Bd3 Bb7 10. e4 b4 11. Na4 Qa5 (11... c5 12. e5 (12. Nxc5 Nxc5 13.
dxc5 Bxc5 14. e5 (14. Qa4+ $1 Kf8 (14... Nd7 15. Ne5 a6 16. Rd1 Bd6 17. Bf4 $18
) (14... Ke7 15. Be3 $1 Qb6 (15... Bxe3 16. Qxb4+ Ke8 17. Bb5+ Nd7 18. fxe3 $18
) 16. Bxc5+ Qxc5 17. Rac1 $16) 15. Be3 $1 Qxd3 16. Bxc5+ Kg8 17. Rfd1 Qxe4 18.
Rd4 Qe2 19. Qxa7 $1 Qb5 20. Rxb4 Qxb4 21. Qxa8+ Bxa8 22. Bxb4 $16) 14... Nd5
15. Nd2 (15. Qa4+ Kf8 16. Bg5 Qb6 17. Rad1 $14) 15... Be7 16. Qg4 Kf8 17. Ne4
$14 {0-1 Lisenko,A-Machulsky,A/Sverdlovsk 1989 (30)}) 12... Nd5 13. Nxc5 Nxc5
14. dxc5 Rc8 (14... Qd7 15. Nd4 Nc7 16. c6 Bxc6 17. Nxc6 Qxc6 18. Be3 Nd5 19.
Qe2 O-O 20. Rfc1 Qa4 21. Bb5 Qa5 22. Bd2 Rac8 23. Bc4 Qb6 24. Qe4 Bc5 25. Be1
Rcd8 26. Rd1 Ne7 27. h4 Bd4 28. Rd2 Nf5 29. Bb3 Bc5 30. Rad1 Rxd2 31. Rxd2 h5
32. Rd7 a5 33. Rb7 Qd8 34. Kf1 Bd4 35. g3 Bxb2 36. Qe2 Qd4 37. Rc7 Bc3 38. Rc4
Qxe5 39. Bxc3 Qxe2+ 40. Kxe2 bxc3 41. Rxc3 Nd4+ 42. Ke3 Nf5+ 43. Kd2 Rd8+ 44.
Rd3 Nd6 45. Ke2 g6 46. Rc3 Rd7 47. Rc6 Nf5 48. Ra6 Nd4+ 49. Ke3 Nxb3 50. axb3
Rd5 51. b4 Re5+ 52. Kf3 Rf5+ 53. Ke3 Re5+ 54. Kf3 axb4 55. Rb6 Kg7 56. Rxb4 Kf6
57. Rb7 Ra5 58. Rc7 e5 59. Rb7 Ke6 60. Rc7 f6 61. Rb7 Kf5 62. Rg7 Ra3+ 63. Kg2
e4 64. Rg8 e3 65. fxe3 g5 66. hxg5 fxg5 67. Kh3 Rxe3 68. Rf8+ Kg6 69. Kg2 Re6
70. Rf2 Re7 71. Ra2 Kf5 72. Kf3 Re5 73. Ra8 g4+ 74. Kf2 {1/2-1/2 Bertok,
M-Browne,W/Rovinj/Zagreb 1970}) 15. Nd2 Bxc5 16. Ne4 O-O 17. Qh5 g6 18. Qh3 Be7
19. Bh6 Re8 20. Rad1 Qb6 21. Bg5 Bf8 22. Bb5 Bg7 23. Bxe8 Rxe8 24. Nf6+ Nxf6
25. exf6 Qb5 26. Qh4 {Sadler,M-Prie,E/Budapest FS10 GM 1993/CBM 38/[Ftacnik]/
1-0 (42)}) (11... Rc8 12. Be3 (12. e5 Nd5 13. Qc2 c5 14. Nxc5 Nxc5 (14... Bxc5
15. dxc5 Rxc5 16. Qe2 $14) 15. dxc5 Bxc5 16. Bb5+ Kf8 17. Rd1 $14) 12... O-O
13. Rc1 c5 14. Nxc5 Nxc5 15. dxc5 Nxe4 16. Bxe4 $2 (16. c6 $1 Rxc6 (16... Bxc6
17. Rxc6 Rxc6 18. Bxe4 $16) 17. Bxe4 Rxc1 18. Qxd8 (18. Bxh7+ Kxh7 19. Qxc1
Bxf3 20. gxf3 Qd3 $17) 18... Rxd8 (18... Rxf1+ 19. Kxf1 Rxd8 20. Bxb7 $14) 19.
Bxb7 Rc2 20. Bd4 $14) 16... Bxe4 17. Rc4 Bd5 (17... Qd5 $15) 18. Rxb4 Bxc5 19.
Bxc5 Rxc5 20. b3 Qf6 $15 {1-0 Solozhenkin,E-Ivanov,O/RUS-chT Podolsk 1992 (45)}
) (11... h6 12. Qc2 (12. Be3 $5) 12... Qa5 13. Nd2 $5 (13. a3 c5 14. axb4 cxb4
15. Bf4 $14) 13... c5 14. Nc4 Qc7 15. Nxc5 Nxc5 16. dxc5 Bxc5 17. Re1 $4 (17.
e5 Nd5 18. Bd2 $14) 17... Ng4 $19 {0-1 Finjord,I-Ferkingstad,G/Arnold mem,
Gausdal NOR 1997 (25)}) (11... O-O 12. e5 Nd5 13. Bd2 Rc8 14. Rc1 c5 15. dxc5
Nxc5 16. Nxc5 Bxc5 17. Bxh7+ Kxh7 18. Ng5+ Kg8 (18... Kg6 19. Qc2+ f5 20. exf6+
Kxf6 21. Ne4+ Kf7 22. Nxc5 $18) 19. Qh5 Nf6 20. exf6 Qd3 21. fxg7 Kxg7 22.
Nxe6+ $18 {1-0 Fuerlinger,H-Kranewitter,N/AUT2W9697 1997 (35)}) 12. a3 (12. e5
Nd5 13. Bg5 c5 14. Bxe7 Nxe7 15. Nxc5 Nxc5 16. dxc5 Qxc5 (16... Rc8 $2 17. Nd2
Bd5 (17... Qxc5 18. Rc1 Qxc1 19. Qxc1 Rxc1 20. Rxc1 $14) 18. a3 O-O 19. Qg4 (
19. Nb3 $16) 19... bxa3 20. b4 Qa4 $132 {Giertz,N-Laengl,J/Weihnachts Open
1996/EXP 56/0-1 (41)}) 17. Rc1 Qa5 18. Ng5 h6 {1/2-1/2 Taimanov,M-Antoshin,V/
Leningrad 1957/MCD-r5}) (12. Re1 Rc8 13. b3 O-O 14. Bg5 h6 15. Bh4 Rfd8 16. Qe2
Nf8 17. Rac1 Ng6 18. Bg3 Nd7 19. Red1 e5 20. dxe5 Ndxe5 21. Nxe5 Nxe5 22. Qh5
g5 23. Bf1 Ng6 24. Qxh6 Rxd1 25. Rxd1 Rd8 26. Qh5 c5 27. e5 Kg7 28. Bd3 Bc6 29.
e6 c4 30. Bxc4 f5 31. f4 gxf4 32. Rxd8 Qxd8 33. Bf2 f3 34. gxf3 Qd1+ 35. Bf1
Bb5 36. Qh3 Nf4 37. Qg3+ Kf8 38. Be1 Bxf1 39. Kxf1 Qe2+ 40. Kg1 Qe3+ 41. Kh1
Nd3 42. Qb8+ Kg7 43. Bg3 Qxf3+ 44. Kg1 Qe3+ 45. Kf1 f4 46. Qc7 Qxe6 47. Bh4
Qh3+ 48. Ke2 Qe3+ 49. Kd1 Qf3+ 50. Kd2 Qe3+ 51. Kd1 Qf3+ 52. Kd2 {1/2-1/2
Pingitzer,H-Reschun,S/Staatsliga A-Aufstiegsturnier 1997}) 12... bxa3 13. bxa3
c5 14. e5 $4 (14. Bd2 $1 Qc7 (14... Qd8 15. e5 (15. Qb1 Rb8) 15... Nd5 16. Nxc5
Bxc5 17. dxc5 Nxc5 18. Bb5+ Nd7 19. Bg5 Qa5 20. Nd4 $16) 15. Qc2 $14) 14...
Bxf3 $1 $17 15. Qxf3 Nd5 16. Nb2 (16. Nxc5 Bxc5 17. dxc5 Nxe5 18. Qg3 Nxd3 19.
Qxd3 Qxc5 20. Bb2 O-O $17) (16. Bc2 cxd4 17. Qg4 Nxe5 18. Qxd4 Bf6 19. Bd2 Qc7
20. Qc5 Rc8 $17) (16. Qd1 cxd4 17. Be4 Nxe5 18. Bb2 Rd8 19. Bxd4 Nf6 $17) 16...
Qc3 17. Rd1 $8 cxd4 (17... Rb8 18. Rb1 cxd4 $17) 18. Qg3 g6 19. h4 (19. Rb1 Rb8
20. a4 O-O $17) 19... Rb8 20. h5 $2 (20. Rb1) 20... Rxb2 $19 21. Bxb2 Qxb2 22.
Rab1 Qxa3 23. Rb7 Nc3 24. Re1 Qc5 (24... gxh5 25. Qg7 Rf8 26. Qxh7 (26. Bxh7
Qa6 27. Rb2 d3 28. Rd2 Ne2+ 29. Kf1 Nc5 30. Qh6 Qc4 31. Qxh5 Nb3 32. Rxd3 Nf4
33. Qg4 Bb4 34. Red1 Nd2+ $19) 26... Kd8 $19 (26... h4 $19)) 25. Qh3 g5 26. f4
Qd5 (26... gxf4 $19) 27. Rxa7 Bc5 28. Ra5 gxf4 29. Qg4 Rf8 30. Qxf4 Rg8 31. g3
h6 32. Rea1 Ke7 33. Ra7 Bxa7 34. Rxa7 Ke8 35. Rc7 Rg5 36. Rc8+ Ke7 0-1

[Event "Elbow Beach Club GM-B"]
[Site "Paget Parish"]
[Date "2001.01.29"]
[Round "10"]
[White "Alvarez Marquez, Johan"]
[Black "Tyomkin, Dimitri"]
[Result "1/2-1/2"]
[WhiteElo "2383"]
[BlackElo "2496"]
[Annotator "Tyomkin,D"]
[PlyCount "103"]
[EventDate "2001.01.19"]
[EventType "tourn"]
[EventRounds "11"]
[EventCountry "BER"]
[EventCategory "9"]
[SourceTitle "CBM 081"]
[Source "ChessBase"]
[SourceDate "2001.03.20"]
[SourceVersion "1"]
[SourceVersionDate "2001.03.20"]
[SourceQuality "1"]

1. d4 d5 2. c4 c6 3. Nf3 e6 4. e3 Nf6 5. Nc3 Nbd7 6. Bd3 dxc4 7. Bxc4 b5 8. Bb3
{In this position I usually play 8...Bb7 9.0-0 a6...., but in that line black
has to fight hard for equality. So, I decided to try something new, and
thinking for I while at this point, I had realized that after 8...b4, white
has to choose between Na4, giving black the possibility to prevent white's
castle for a while by Ba6, and Ne2, moving the knight out of the center.} b4 9.
Ne2 {The following link directs you to the article of Hansen, where he shows
how black can easily equalize after 9.Na4:} (9. Na4 {CBM 53-8.Bb3 b4 9.Na4/
Opening 1996/CBM 53/[Hansen,Cu]}) 9... Bb7 (9... Be7 {0-1 Nikolic,P-Lautier,J/
Monaco 2000/CBM 75/[Lutz] (50)}) 10. O-O Be7 $146 {The only dangerous plan of
white after Ne2 is Nf4 and Ng5, attacking e6-point. For this matter black has
to place his bishop to d6 and black getsa good play there:} (10... Bd6 $5 11.
Nf4 O-O 12. Ng5 Bxf4 13. exf4 c5 14. Re1 (14. Be3 h6 15. Nf3 Ng4 16. Bd2 a5 17.
h3 Ngf6 $15 {1/2-1/2 Zheliandinov,V-Sveshnikov,E/Bled SLO 1999 (24)}) 14... h6
15. Nh3 Rc8 16. dxc5 Nxc5 17. Be3 $15 {1/2-1/2 Kharitonov,A-Yevseev,D/Novgorod
RUS 1999 (17)}) 11. Ng3 $146 {Wrong place for the knight. Now black leads
c6-c5 and gets better play.} (11. Nf4 $5 {[%cal Gf3g5]} O-O (11... Nd5 12. e4
$1) (11... Qb6 12. Ng5 c5 13. Re1 O-O 14. e4 cxd4 15. e5 Nd5 16. Nxd5 {1/2-1/2
Stempin,P-Kuczynski,R/Gdynia 1984 (16)} (16. Nh5 g6 17. Ng3 f5 18. exf6 Rxf6
19. Nf3 Raf8 20. Bh6 R8f7 21. Ne4 Rxf3 22. gxf3 Ne5 23. Nd2 $15 {1-0 Annakov,
B-Nevostrujev,V/Moscow RUS 1995 (37)})) 12. Nxe6 fxe6 13. Ng5 $13) 11... c5 12.
Ne5 O-O $15 13. f4 (13. a3 a5 $15) 13... cxd4 14. exd4 Qb6 {Black has clear
advantage: he is much better developed, and white has several weaknesses
around, like d4-pawn, b6-g1 diagonal etc.} 15. Rf2 (15. Be3 Rad8 16. Qe2 Nd5
$15) (15. Kh1 Rad8 16. Nc4 Qb5 17. f5 Nc5 $17) 15... Rad8 16. Qe2 Nd5 {[%cal
Gb6d4]} (16... Qxd4 $143 17. Be3 Qd6 18. Bxa7 Nd5 $15 {[%cal Rd5f4,Gd7c5]}) 17.
Qd3 Ba6 (17... Nxe5 18. fxe5 f6 19. Bc2 $13) 18. Qd1 (18. Nc4 Qc7 $17 {[%cal
Gd8c8,Ya6d3]}) 18... Nxe5 19. fxe5 f5 $6 $17 {[%csl Rc1] Black increases an
advantage with this move, but it was another way to play even better:} (19...
f6 $142 20. Qg4 (20. exf6 Bxf6 {[%csl Rd4]}) (20. Kh1 fxe5 21. Rxf8+ Rxf8 22.
dxe5 Qf2 $1 $17) 20... f5 {winning a tempo comparing with the game.}) 20. Nh5
$6 (20. exf6 Bxf6 $19 {[%csl Rd4]}) 20... g6 21. Bxd5 $2 (21. Nf4 Nxf4 22. Rxf4
Bg5 $19 {[%csl Rd4]}) (21. Ng3 $142 $17) 21... Rxd5 22. Nf6+ Bxf6 23. exf6 Rxd4
$19 24. Qf3 Rd3 (24... Bb7 25. Qb3 (25. Qe2 Re4 26. Qd1 Rd8 27. Bd2 Red4 $19 {
[%cal Gb6d6]}) 25... f4 26. h3 Bd5 $19 {[%cal Ge6e5]}) 25. Qe2 Rxf6 26. Bh6 {
White is two pawns down, but finally he is developed! Of course, black is
winning here.} Rf7 {[%csl Yg7][%cal Gf7d7]} 27. Re1 Rfd7 28. h4 $1 {Best
defensive chance. I was in some time-trouble, and i was completely confused by
this move!} R3d6 $2 {I simply missed the following move for me:} (28... Rh3 29.
Qe5 Rxh4 30. Be3 Qd6 31. Qxd6 Rxd6 32. Bxa7 Kf7 $19 {and, with two pawns up
here, black has to win quite easily.}) 29. Qe5 Rd1 30. Rxd1 Rxd1+ 31. Kh2 Qd6
32. Qxd6 Rxd6 33. Rc2 Rd7 $2 {Again black is not on top. In time pressure, I
decided to give up one of my extra pawns.} (33... Rd4 34. Kh3 $1 (34. Rc6 Rxh4+
35. Kg1 Bb7 36. Rc7 Bxg2 $1 $19) 34... Rg4 $1 35. Be3 {White still has some
chances here, but in general black has winning position.} (35. Rc7 $140 Bf1 $1)
) 34. Rc6 Bb7 35. Rxe6 Kf7 36. Re2 Bd5 37. a3 b3 38. Rd2 Ke6 39. Bf4 {White
covers all entries for black rook.} a5 40. Kg1 Rb7 41. Kf2 Rb5 {[%cal Gb5c5]}
42. Rd1 Be4 43. g3 Rc5 44. Rc1 Rc2+ {Unfortunately, white has a draw in this
opposite bishops ending. I've got the punishment for careless play in
completely winning position.} 45. Rxc2 bxc2 46. Ke1 {The most important thing
is that the bishop f4 controls c2-pawn and all breaks on the kingside as well.
The point is that to break the kingside black needs to move the king there,
than to trade h-pawns by leading g5, and than white may trade the bishop and
g3-pawn for both black pawns on the kinside, while all queenside pawns goona
be traded at that time.} Kd5 $2 {Black missed the last chance to try to win
this game, although white has a way to make a draw also there:} (46... a4 47.
Kd2 Kd5 48. Kc3 Kc5 49. b4+ $1 axb3 50. Kxb3 Kd4 51. a4 Kd3 52. a5 $11) 47. b3
$1 {covering the c4 entry of black king.} a4 {Only way to get in with the king,
but without a-pawn, there is nothing to look for...} 48. bxa4 Kc4 49. Kd2 Kb3
50. Kc1 Kxa4 51. Kb2 Kb5 52. Kc3 {It was no matter to continue, so I had to
offer the draw, and to forget about what was happened in this game a.s.a.p...}
1/2-1/2

[Event "Abu Dhabi op 11th"]
[Site "Abu Dhabi"]
[Date "2001.09.02"]
[Round "8"]
[White "Volzhin, Alexander"]
[Black "Sharif, Mershad"]
[Result "1-0"]
[WhiteElo "2524"]
[BlackElo "2474"]
[Annotator "Volzhin,A"]
[PlyCount "59"]
[EventDate "2001.08.25"]
[EventType "swiss"]
[EventRounds "9"]
[EventCountry "UAE"]
[SourceTitle "EXT 2004"]
[Source "ChessBase"]
[SourceDate "2003.11.25"]
[SourceVersion "1"]
[SourceVersionDate "2003.11.25"]
[SourceQuality "1"]

1. d4 d5 2. c4 c6 3. Nc3 Nf6 4. e3 e6 5. Nf3 Nbd7 6. Bd3 dxc4 7. Bxc4 b5 8. Bd3
b4 9. Ne4 Be7 10. O-O Bb7 11. Nxf6+ Nxf6 12. e4 O-O 13. e5 Nd7 14. Be4 Rb8 15.
a3 $5 bxa3 16. b4 $1 {This astonishing idea introduced by GM Vadim Milov last
year is currently White's main weapons.} f5 {Very likely the only playable
possibility. The alternatives seems to be insufficient:} (16... a5 17. bxa5
Qxa5 18. Bxa3 $1 Qd8 (18... Bxa3 19. Bxh7+ Kxh7 20. Ng5+ Kg6 21. Qd3+ f5 (21...
Kxg5 22. f4+ Kh6 23. Qh3+ Kg6 24. f5+ exf5 25. Rf3 $1 f6 26. Rxf5 Rh8 27. Qg4+
Kf7 28. e6+ $18) 22. Nxe6 Ra8 23. Rfb1 Bc8 24. Rb3 {1-0 Kasimdzhanov,R-Lesiege,
A/Istanbul 2000/EXT 2001 (24)}) 19. Bxe7 Qxe7 20. Ra7 $16 {and Black is
compelled to a very unpleasant defence, Milov,V-Hansen,C/Essen 2000/CBM 77.
Unfortunately White's blunder in the end of the game has spoiled a little this
brilliat novelty and the game ended draw..}) ({Obviously} 16... Bxb4 {fails to}
17. Bxh7+ $1 $18 {(similar to Kasymdzhanov-Lesiege)}) 17. Bd3 Nb6 18. Bd2 $5 {
A new idea which I discovered just after the game Khalifman-Bareev where White
has failed to get anything:} (18. Bxa3 Nd5 19. Bc4 Qb6 (19... Qd7 {is not bad
either:} 20. Qd2 Rfd8 21. Rfb1 Ba8 22. Rb3 Nb6 23. Be2 Nd5 24. Rab1 Rb6 25. Ne1
Nc7 26. Nc2 $2 c5 $1 $17 {Tkachiev -Fressinet, Enghien 2001}) 20. Qd3 Rfd8 21.
Rfb1 h6 22. Rb3 Kh8 23. Rab1 Nc7 {and the bishop on a3 is clearly misplaced,
Khalifman,A-Bareev,E/Dortmund 2000/CBM 78}) 18... Nd5 19. Bc4 {The critical
position for the evaluation of White's idea.} Qb6 ({In the game
Lesiege-Khassanov/Quebec 2001 which was played the same time as the mine (to
be precise, this game was played several days earlier) Black prefered} 19...
Ba8 {but after} 20. Rxa3 Bxb4 21. Rxa7 c5 22. Ng5 $1 {White has firmly seized
the initiative:} Qe8 23. Ra6 Bc6 24. dxc5 Bxc5 25. Nxe6 $1 Qxe6 26. Be3 $1 Rb6
27. Bxc5 Rxa6 28. Bxa6 Nf4 29. Bxf8 Qg6 30. Qb3+ Kxf8 31. Qa3+ Ke8 32. Qg3 Nxg2
33. Rc1 Qh6 34. Qc3 Bd7 35. Bc8 {1-0}) 20. Qa4 Bc8 21. Rfb1 a5 $6 {Black hopes
for his passed a-pawn but this counterplay is easily refused.} ({Black should
accept the sacrifice:} 21... Nxb4 22. Rxa3 a6 {and although White definitely
has ample compensation I doubt if the merits of White's position are
sufficient for real advantage.}) 22. Qxa5 Qxa5 23. bxa5 Ra8 24. Ne1 $1 Ba6 25.
Bxa6 Rxa6 26. Nd3 $1 (26. Nc2 {is pointless:} c5 27. dxc5 Bxc5 28. Nxa3 Bd4 {
and Black is OK.}) 26... Rd8 27. Rb7 $1 $18 Kf8 28. Rxe7 $1 Kxe7 29. Bg5+ Nf6
30. Nb4 1-0